| 000 | 00877aam a2200349 4500 | ||
|---|---|---|---|
| 005 | 20240812141540.0 | ||
| 008 | 150526b xxu||||| |||| 00| 0 spa d | ||
| 020 | _a9788441525306 | ||
| 041 | _aESP | ||
| 082 | _a770 Ch536i | ||
| 100 |
_aChild, John _919598 |
||
| 245 | _aIntroducción a la fotografía creativa | ||
| 260 | _aEspaña | ||
| 260 | _bAnaya | ||
| 260 | _c2008 | ||
| 300 | _a272 páginas | ||
| 650 | _aFOTOGRAFÍA | ||
| 650 | _aTÉCNICAS FUNDAMENTALES | ||
| 650 | _aGÉNEROS DE FOTOGRAFÍA | ||
| 650 | _aCOMUNICACIÓN | ||
| 650 | _aDISEÑO | ||
| 650 | _aDIRECCIÓN ARTÍSTICA | ||
| 650 | _aESTUDIO FOTOGRÁFICO | ||
| 650 | _aLUZ PARA FOTOGRAFÍA | ||
| 650 | _aEXPOSICIÓN | ||
| 650 | _aCAPTURA DE IMAGEN | ||
| 650 | _aCONTROLES CREATIVOS | ||
| 650 | _aCOMPOSICIONES | ||
| 650 | _aILUMINACIÓN | ||
| 942 |
_cBK _2ddc |
||
| 999 |
_c2283 _d2283 |
||